[Event "New In Chess Classic"]
[Site "chess24.com INT"]
[Date "2021.04.26"]
[Round "12.7"]
[White "Magnus Carlsen"]
[Black "Jan-Krzysztof Duda"]
[Result "1-0"]
[EventDate "2021.04.24"]
[WhiteElo "2847"]
[BlackElo "2729"]
[PlyCount "119"]

1. e4 c5 2. Nf3 d6 3. d4 cxd4 4. Nxd4 Nf6 5. Nc3 a6 6. Be3 e5 7. Nb3 Be6 8. f3 h5 9. Qd2 Nbd7 10. Nd5 Bxd5 11. exd5 g6 12. Be2 Bg7 13. O-O-O O-O 14. g4 a5 15. a4 hxg4 16. fxg4 b5 17. Bxb5 Nxg4 18. Bg5 Qc7 19. h4 e4 20. h5 Nde5 21. h6 Bf6 22. Bxf6 Nxf6 23. Qf4 Nfg4 24. Nd4 f5 25. Rh3 Qe7 26. Ne6 Rfc8 27. Kb1 Rab8 28. Rb3 Qh4 29. Qd2 Qh2 30. Qxa5 Qxc2+ 31. Ka2 Ra8 32. Qe1 Rc4 33. Rd4 Rxd4 34. Nxd4 Qc5 35. Ne6 Qa7 36. Rc3 Nd3 37. Bxd3 exd3 38. b3 Qf2+ 39. Qxf2 Nxf2 40. Rc7 Ng4 41. Kb2 Nxh6 42. Kc3 Ng4 43. Kxd3 Rb8 44. Kc3 Ne3 45. Rg7+ Kh8 46. Rxg6 Nxd5+ 47. Kb2 Re8 48. Nd4 f4 49. Rxd6 Nb4 50. Kc3 Na2+ 51. Kc4 Re3 52. Rf6 Rc3+ 53. Kb5 Nc1 54. Rxf4 Nxb3 55. Nxb3 Rxb3+ 56. Rb4 Ra3 57. a5 Kg7 58. a6 Kf6 59. Ra4 Rb3+ 60. Kc4 1-0

[Event "New In Chess Classic"]
[Site "chess24.com INT"]
[Date "2021.04.26"]
[Round "15.1"]
[White "Jan-Krzysztof Duda"]
[Black "Gawain Jones"]
[Result "1-0"]
[EventDate "2021.04.24"]
[WhiteElo "2729"]
[BlackElo "2670"]
[PlyCount "89"]

1. d4 Nf6 2. c4 g6 3. Nc3 Bg7 4. e4 d6 5. Nf3 O-O 6. Be2 e5 7. O-O Nc6 8. d5 Ne7 9. b4 a5 10. Ba3 b6 11. bxa5 Rxa5 12. Bb4 Ra8 13. a4 Ne8 14. Nb5 h6 15. Qb3 Rb8 16. a5 bxa5 17. Bxa5 Qd7 18. Rfd1 Ba6 19. Bb4 Bxb5 20. cxb5 f5 21. Nd2 fxe4 22. Nxe4 Nf5 23. Bc3 Qe7 24. Nc5 Qh4 25. Nd7 Nf6 26. Nxb8 Ne4 27. Be1 Rxb8 28. Qc4 Nd4 29. f3 Qf4 30. fxe4 Qe3+ 31. Bf2 Nxe2+ 32. Kf1 Qf4 33. Qxe2 Qxh2 34. Rd3 g5 35. Rh3 Qf4 36. Rf3 Qh2 37. Bg1 Qh5 38. Rf5 Qxe2+ 39. Kxe2 Rxb5 40. g4 Rb4 41. Kf3 Rb8 42. Be3 Bf8 43. Rc1 Rb7 44. Ke2 Be7 45. Rff1 1-0

[Event "New In Chess Classic"]
[Site "chess24.com INT"]
[Date "2021.04.25"]
[Round "6.4"]
[White "Leinier Dominguez Perez"]
[Black "Jan-Krzysztof Duda"]
[Result "1/2-1/2"]
[EventDate "2021.04.24"]
[WhiteElo "2758"]
[BlackElo "2729"]
[PlyCount "62"]

1. e4 c5 2. Nf3 d6 3. d4 cxd4 4. Nxd4 Nf6 5. Nc3 a6 6. f3 e5 7. Nb3 Be6 8. Be3 h5 9. Nd5 Bxd5 10. exd5 Nbd7 11. Qd2 g6 12. O-O-O Nb6 13. Kb1 Nbxd5 14. Bg5 Be7 15. Bd3 Qc7 16. Rhe1 Nb6 17. f4 O-O-O 18. Qe2 Nfd5 19. Bxe7 Qxe7 20. fxe5 dxe5 21. Qxe5 Qxe5 22. Rxe5 Nf4 23. Rf1 Nxd3 24. cxd3 f6 25. Re7 Nd5 26. Rc1+ Kb8 27. Rg7 Rhg8 28. Rf7 Rgf8 29. Rg7 Rg8 30. Rf7 Rgf8 31. Rg7 Rg8 1/2-1/2

[Event "New In Chess Classic"]
[Site "chess24.com INT"]
[Date "2021.04.25"]
[Round "7.5"]
[White "Jan-Krzysztof Duda"]
[Black "Vidit Santosh Gujrathi"]
[Result "0-1"]
[EventDate "2021.04.24"]
[WhiteElo "2729"]
[BlackElo "2726"]
[PlyCount "152"]

1. d4 Nf6 2. Nf3 d5 3. Bf4 c5 4. e3 e6 5. Nbd2 Qb6 6. Rb1 Bd6 7. dxc5 Qxc5 8. Bd3 Nbd7 9. b4 Qc7 10. Bxd6 Qxd6 11. c4 b6 12. cxd5 Nxd5 13. Nc4 Qe7 14. Qd2 O-O 15. e4 Nc7 16. Qf4 Ba6 17. O-O Rac8 18. Rfd1 Bxc4 19. Bxc4 Rfd8 20. h4 h6 21. Rdc1 e5 22. Qe3 Ne8 23. g3 Ndf6 24. a3 Nd6 25. Bd3 Re8 26. Nd2 Qb7 27. Qe2 Rxc1+ 28. Rxc1 Rc8 29. Re1 Qc6 30. Nf3 Qc3 31. Kg2 Re8 32. Rb1 Qxa3 33. b5 Qc3 34. Rb2 Qc8 35. Ra2 Qb7 36. Ra4 Re7 37. Qe1 Nd7 38. Rb4 Nc5 39. Bb1 Qd7 40. Qe2 Qb7 41. Nd2 Ne6 42. Nf3 Nc5 43. Nd2 Qc8 44. Ba2 Ne6 45. Nf3 Qc5 46. Qb2 Nc7 47. h5 Ncxb5 48. Bd5 a5 49. Rb3 a4 50. Rd3 a3 51. Qb3 Kf8 52. Nh4 Ra7 53. Qa2 Nc3 54. Qd2 Rc7 55. Bb3 Ncxe4 56. Qe2 Ra7 57. Rf3 Nf6 58. Qd2 Qc6 59. Kh2 Nde8 60. Rc3 Ne4 61. Rxc6 Nxd2 62. Ba2 b5 63. Rb6 Ne4 64. Nf5 Nc3 65. Bb3 a2 66. Bxa2 Rxa2 67. Kg1 Ra8 68. f3 e4 69. f4 Nf6 70. Rb7 Rd8 71. Rc7 Ncd5 72. Rb7 b4 73. Nd4 Nxh5 74. Kf2 Ndxf4 75. Nc6 Nd3+ 76. Ke3 Re8 0-1

[Event "New In Chess Classic"]
[Site "chess24.com INT"]
[Date "2021.04.25"]
[Round "8.5"]
[White "Teimour Radjabov"]
[Black "Jan-Krzysztof Duda"]
[Result "1/2-1/2"]
[EventDate "2021.04.24"]
[WhiteElo "2765"]
[BlackElo "2729"]
[PlyCount "72"]

1. Nf3 d5 2. d4 Nf6 3. c4 e6 4. Nc3 c6 5. Bg5 Nbd7 6. e3 Qa5 7. Nd2 Bb4 8. Qc2 dxc4 9. Bxf6 Nxf6 10. Nxc4 Qd5 11. a3 Bxc3+ 12. Qxc3 O-O 13. Ne5 Nd7 14. Nf3 c5 15. Rd1 b6 16. Be2 Bb7 17. dxc5 Qc6 18. cxb6 Qxc3+ 19. bxc3 Nxb6 20. O-O Rac8 21. c4 Bxf3 22. gxf3 Nxc4 23. Bxc4 Rxc4 24. Rd7 Ra4 25. Rb1 Rxa3 26. Rbb7 a5 27. Ra7 g5 28. Rdb7 a4 29. Rb4 Kg7 30. Raxa4 Rxa4 31. Rxa4 Rc8 32. Kg2 h6 33. Rb4 Rc2 34. Ra4 Rc8 35. Rb4 Rc2 36. Ra4 Rc8 1/2-1/2

[Event "New In Chess Classic"]
[Site "chess24.com INT"]
[Date "2021.04.25"]
[Round "10.6"]
[White "Levon Aronian"]
[Black "Jan-Krzysztof Duda"]
[Result "1-0"]
[EventDate "2021.04.24"]
[WhiteElo "2781"]
[BlackElo "2729"]
[PlyCount "57"]

1. d4 d5 2. Nf3 Nf6 3. Bf4 c5 4. e3 Nc6 5. Nbd2 e6 6. c3 cxd4 7. exd4 Nh5 8. Be3 Bd6 9. Ne5 g6 10. g4 Ng7 11. h4 h5 12. Bg5 Qb6 13. Bf6 Rh7 14. g5 Qxb2 15. Rb1 Qxc3 16. Rh3 Qa5 17. Bb5 Bd7 18. Nxd7 Kxd7 19. Bxc6+ bxc6 20. Rb7+ Bc7 21. Be5 Ne8 22. Qc1 Qa6 23. Nb3 Kc8 24. Rxc7+ Nxc7 25. Qc5 Qc4 26. Qf8+ Kb7 27. Nc5+ Kb6 28. Bxc7+ Kb5 29. Qxa8 1-0

[Event "New In Chess Classic"]
[Site "chess24.com INT"]
[Date "2021.04.24"]
[Round "1.8"]
[White "Jan-Krzysztof Duda"]
[Black "Rameshbabu Praggnanandhaa"]
[Result "0-1"]
[EventDate "2021.04.24"]
[WhiteElo "2729"]
[BlackElo "2608"]
[PlyCount "100"]

1. d4 Nf6 2. c4 e6 3. Nf3 d5 4. Nc3 dxc4 5. e4 b5 6. e5 Nd5 7. Nxb5 Nb6 8. Be2 Nc6 9. O-O Be7 10. Be3 O-O 11. Qc1 Nb4 12. a3 Nd3 13. Qc2 c6 14. Nc3 Ba6 15. Rfd1 Nd5 16. b3 cxb3 17. Qd2 Nxc3 18. Qxc3 Nb4 19. Bxa6 Nxa6 20. Qxb3 Nc7 21. Rac1 Qd7 22. Bg5 Nd5 23. Bxe7 Nxe7 24. Ng5 Rfd8 25. Qd3 Ng6 26. Qf3 Rab8 27. g3 Rb5 28. Ne4 Rd5 29. Nd6 f6 30. Rb1 c5 31. Rb7 Nxe5 32. Qxd5 exd5 33. Rxd7 Nxd7 34. Nb7 Rc8 35. dxc5 Rc7 36. c6 Nb6 37. Na5 Kf7 38. Kg2 Ke6 39. Nb7 Ke5 40. Re1+ Kd4 41. Nd8 Kd3 42. Re3+ Kd2 43. Re6 Nc4 44. f4 Kc3 45. Nb7 d4 46. Nd6 Nxd6 47. Rxd6 d3 48. Kf2 d2 49. Kf3 Kc2 50. Ke4 Re7+ 0-1

[Event "New In Chess Classic"]
[Site "chess24.com INT"]
[Date "2021.04.24"]
[Round "2.2"]
[White "Wesley So"]
[Black "Jan-Krzysztof Duda"]
[Result "0-1"]
[EventDate "2021.04.24"]
[WhiteElo "2770"]
[BlackElo "2729"]
[PlyCount "40"]

1. d4 Nf6 2. Nf3 e6 3. Bf4 c5 4. e3 Qb6 5. Nc3 cxd4 6. exd4 Qxb2 7. Nb5 Bb4+ 8. Nd2 Nd5 9. Rb1 Qxa2 10. Rxb4 Nxb4 11. Nd6+ Ke7 12. Bc4 Nxc2+ 13. Kf1 Qa1 14. Qxa1 Nxa1 15. Ke2 Nc2 16. d5 Na6 17. Rc1 Nab4 18. Nf3 b6 19. Bb3 Ba6+ 20. Kd2 Nd3 0-1

[Event "New In Chess Classic"]
[Site "chess24.com INT"]
[Date "2021.04.24"]
[Round "3.7"]
[White "Jan-Krzysztof Duda"]
[Black "Shakhriyar Mamedyarov"]
[Result "0-1"]
[EventDate "2021.04.24"]
[WhiteElo "2729"]
[BlackElo "2770"]
[PlyCount "54"]

1. d4 Nf6 2. c4 e6 3. Nf3 c5 4. d5 b5 5. dxe6 fxe6 6. cxb5 d5 7. g3 a6 8. bxa6 Nc6 9. Bg2 Be7 10. O-O O-O 11. Nc3 Bxa6 12. b3 h6 13. Bb2 Qe8 14. Rc1 Qh5 15. Re1 Rad8 16. Na4 Ne4 17. Ba3 Ne5 18. Bxc5 Ng4 19. Bxe7 Rxf3 20. Bh4 Rxf2 21. Bxe4 Rxh2 22. Bf3 Rxh4 23. gxh4 Qxh4 24. Bxg4 Qxg4+ 25. Kh2 Qh4+ 26. Kg2 d4 27. Nc5 Qg4+ 0-1

[Event "New In Chess Classic"]
[Site "chess24.com INT"]
[Date "2021.04.24"]
[Round "4.3"]
[White "Sergey Karjakin"]
[Black "Jan-Krzysztof Duda"]
[Result "1/2-1/2"]
[EventDate "2021.04.24"]
[WhiteElo "2757"]
[BlackElo "2729"]
[PlyCount "137"]

1. e4 c5 2. Nf3 e6 3. d4 cxd4 4. Nxd4 Nf6 5. Nc3 d6 6. g4 h6 7. h4 Nc6 8. Rg1 d5 9. exd5 Nxd5 10. Nxd5 exd5 11. Be3 Qxh4 12. Qf3 Nxd4 13. Bxd4 Qe7+ 14. Be2 Qe4 15. O-O-O Qxf3 16. Bxf3 Be6 17. Rge1 Kd7 18. Kb1 f6 19. c4 Bf7 20. Bxd5 Bxd5 21. Be3 Re8 22. Rxd5+ Kc6 23. Red1 g6 24. a3 Rh7 25. b4 b6 26. Rd8 Rxd8 27. Rxd8 Bd6 28. Rg8 h5 29. Rxg6 h4 30. Rxf6 Kc7 31. c5 bxc5 32. bxc5 Be5 33. Rf5 h3 34. Rxe5 h2 35. Bf4 h1=Q+ 36. Re1+ Kc6 37. Rxh1 Rxh1+ 38. Kc2 Rh4 39. f3 Rh3 40. Kd3 Rxf3+ 41. Be3 Rg3 42. g5 Kd5 43. c6 Kxc6 44. Ke4 a5 45. Kf4 Rg2 46. Kf5 Kd7 47. g6 Ke8 48. Bc5 Rc2 49. Bd6 Kd7 50. g7 Rg2 51. Bf8 a4 52. Kf6 Ke8 53. Bc5 Rg3 54. Bd6 Rxg7 55. Kxg7 Kd7 56. Bb4 Kc6 57. Kf6 Kb7 58. Ke6 Ka8 59. Kd6 Kb7 60. Kc5 Ka8 61. Kb5 Kb7 62. Kxa4 Ka8 63. Kb5 Kb7 64. a4 Ka8 65. a5 Kb7 66. a6+ Ka8 67. Kb6 Kb8 68. Bd6+ Ka8 69. a7 1/2-1/2

[Event "Chess.com Speed"]
[Site "Chess.com INT"]
[Date "2020.11.19"]
[Round "2.18"]
[White "Jan-Krzysztof Duda"]
[Black "Wesley So"]
[Result "0-1"]
[EventDate "?"]
[WhiteElo "2743"]
[BlackElo "2770"]
[Source "chessbites.com; date by Chess Assistant 21"]
[PlyCount "96"]

1. e4 e5 2. Nf3 Nc6 3. Bc4 Nf6 4. d3 Bc5 5. O-O h6 6. c3 d6 7. Nbd2 O-O 8. Re1 a6 9. a4 a5 10. h3 Be6 11. b3 d5 12. exd5 Nxd5 13. Ne4 Bb6 14. Bd2 f5 15. Ng3 Qd6 16. Nf1 Rae8 17. Bb5 Bd7 18. Ne3 Bxe3 19. fxe3 e4 20. dxe4 fxe4 21. Nh2 Bxh3 22. Bxc6 bxc6 23. Qe2 Be6 24. Red1 Qe5 25. Rac1 Nf6 26. c4 Qg5 27. b4 axb4 28. Bxb4 c5 29. Bd2 Bg4 30. Nxg4 Nxg4 31. Rf1 Qh4 32. g3 Qxg3+ 33. Qg2 Qh4 34. Rxf8+ Rxf8 35. Rf1 Rxf1+ 36. Kxf1 Qf6+ 37. Ke2 Qe6 38. Ke1 h5 39. Qh3 Qf5 40. Qh4 Ne5 41. Qd8+ Kh7 42. Kd1 Nxc4 43. a5 Qf1+ 44. Kc2 Qe2 45. Kc3 Nxd2 46. Qxd2 Qb5 47. Qa2 Qa6 48. Qa4 g6 0-1

[Event "Chess.com Speed"]
[Site "Chess.com INT"]
[Date "2020.11.19"]
[Round "2.22"]
[White "Jan Krzysztof Duda"]
[Black "Wesley So"]
[Result "0-1"]
[EventDate "?"]
[WhiteElo "2743"]
[BlackElo "2770"]
[Source "chessbites.com; date by Chess Assistant 21"]
[PlyCount "40"]

1. d4 Nf6 2. c4 e6 3. Nc3 Bb4 4. e3 O-O 5. Bd3 d5 6. cxd5 exd5 7. a3 Bd6 8. Nge2 Re8 9. Qc2 a6 10. h3 b6 11. b4 Nbd7 12. O-O c5 13. bxc5 bxc5 14. Rb1 c4 15. Bf5 g6 16. Bxd7 Bxd7 17. g4 Nxg4 18. hxg4 Qh4 19. Ng3 Bxg4 20. Rb6 Bf3 0-1

[Event "Chess.com Speed"]
[Site "Chess.com INT"]
[Date "2020.11.19"]
[Round "2.26"]
[White "Jan-Krzysztof Duda"]
[Black "Wesley So"]
[Result "0-1"]
[EventDate "?"]
[WhiteElo "2743"]
[BlackElo "2770"]
[Source "chessbites.com; date by Chess Assistant 21"]
[PlyCount "110"]

1. c4 Nf6 2. Nc3 e5 3. Nf3 Nc6 4. g3 d5 5. cxd5 Nxd5 6. Bg2 Bc5 7. O-O O-O 8. d3 Re8 9. Bg5 Nxc3 10. bxc3 f6 11. Bc1 Be6 12. Bb2 Qe7 13. a4 Rad8 14. d4 Bb6 15. e3 Na5 16. Ba3 Qf7 17. Qc2 Bb3 18. Qb1 Bd5 19. dxe5 Nb3 20. Ra2 Nd4 21. cxd4 Bxa2 22. Qa1 Bd5 23. Bb4 a5 24. Bc3 Bxf3 25. Bxf3 fxe5 26. Bxb7 exd4 27. exd4 c5 28. Bc6 Rf8 29. d5 c4 30. Qe1 Rxd5 31. Bxd5 Qxd5 32. Qe7 Bd4 33. Bxd4 Qxd4 34. Qe6+ Kh8 35. Qe7 Kg8 36. Qe6+ Kh8 37. Qe7 Rc8 38. Qe6 Rd8 39. Re1 h6 40. Re4 Qd1+ 41. Kg2 Rf8 42. f4 c3 43. Qc6 c2 44. Rc4 Qe2+ 45. Kh3 Qh5+ 46. Kg2 Qe2+ 47. Kh3 Qf1+ 48. Kh4 g5+ 49. Kh5 Qh3+ 50. Kg6 Rg8+ 51. Kf6 gxf4 52. Rxc2 fxg3 53. Qc3 Qh5 54. hxg3 Qg5+ 55. Ke6+ Kh7 0-1

[Event "Chess.com Speed"]
[Site "Chess.com INT"]
[Date "2020.11.19"]
[Round "2.28"]
[White "Jan-Krzysztof Duda"]
[Black "Wesley So"]
[Result "0-1"]
[EventDate "?"]
[WhiteElo "2743"]
[BlackElo "2770"]
[Source "chessbites.com; date by Chess Assistant 21"]
[PlyCount "74"]

1. d4 Nf6 2. c4 e6 3. Nf3 d5 4. Nc3 c5 5. cxd5 cxd4 6. Qxd4 exd5 7. e4 dxe4 8. Qxd8+ Kxd8 9. Ng5 Be6 10. Be3 Bb4 11. O-O-O+ Ke7 12. Nxe6 fxe6 13. Nb5 a6 14. Nd4 Nbd7 15. Kb1 Rac8 16. g3 Ng4 17. Bh3 Ndf6 18. Nc2 Bc5 19. Rd2 Bxe3 20. Nxe3 Nxe3 21. fxe3 Rhd8 22. Rhd1 Rxd2 23. Rxd2 Rc5 24. Rc2 Rh5 25. Bf1 Nd5 26. Re2 Kd6 27. a3 Nf6 28. Kc1 Ng4 29. h3 Rc5+ 30. Kd1 Rd5+ 31. Ke1 Ne5 32. Rc2 b5 33. Bg2 Nd3+ 34. Ke2 Rc5 35. Rd2 Ke5 36. g4 g5 37. b4 Rc3 0-1

[Event "Chess.com Speed"]
[Site "Chess.com INT"]
[Date "2020.11.19"]
[Round "2.33"]
[White "Jan-Krzysztof Duda"]
[Black "Wesley So"]
[Result "0-1"]
[EventDate "?"]
[WhiteElo "2743"]
[BlackElo "2770"]
[Source "chessbites.com; date by Chess Assistant 21"]
[PlyCount "118"]

1. d4 Nf6 2. c4 e6 3. Nf3 d5 4. Nc3 c5 5. cxd5 cxd4 6. Nxd4 Nxd5 7. Bd2 Be7 8. e4 Nxc3 9. Bxc3 O-O 10. Be2 Qb6 11. Qb3 Rd8 12. Qxb6 axb6 13. a3 Na6 14. Bxa6 Rxa6 15. O-O Bd7 16. Rfd1 Raa8 17. f3 e5 18. Nf5 Bc5+ 19. Kf1 g6 20. Ng3 f6 21. Ke1 Ba4 22. Rxd8+ Rxd8 23. Nf1 Kf7 24. Nd2 Ke6 25. b3 Bc6 26. a4 Rd3 27. Rc1 f5 28. exf5+ gxf5 29. Nc4 e4 30. Ke2 b5 31. Na5 Re3+ 32. Kd2 Bd5 33. axb5 exf3 34. gxf3 Bxf3 35. b4 Re2+ 36. Kd3 Be3 37. Re1 Rxe1 38. Bxe1 Bg1 39. Bg3 b6 40. Nc4 Be4+ 41. Kd2 Bd4 42. Bf4 Bd5 43. Na3 Be5 44. Ke3 Bc3 45. Nc2 Be4 46. Nd4+ Kd5 47. Nf3 Bxb4 48. Ng5 Bc5+ 49. Kd2 h5 50. Nh7 Bd4 51. h4 Kc4 52. Be3 Bc3+ 53. Ke2 Kxb5 54. Bh6 Kc4 55. Ng5 b5 56. Bf8 b4 57. Nxe4 fxe4 58. Bxb4 Bxb4 59. Ke3 Kd5 0-1

[Event "Chess.com Speed"]
[Site "Chess.com INT"]
[Date "2020.11.19"]
[Round "2.17"]
[White "Wesley So"]
[Black "Jan-Krzysztof Duda"]
[Result "1-0"]
[EventDate "?"]
[WhiteElo "2770"]
[BlackElo "2743"]
[Source "chessbites.com; date by Chess Assistant 21"]
[PlyCount "170"]

1. e4 c5 2. Nf3 d6 3. d4 cxd4 4. Nxd4 Nf6 5. Nc3 a6 6. Be2 e5 7. Nb3 Be7 8. O-O O-O 9. Be3 Be6 10. Qd2 Nbd7 11. a4 Rc8 12. Rfd1 Qc7 13. a5 Rfe8 14. f3 h6 15. Bf2 Nh5 16. g3 Nhf6 17. Rdc1 Qc6 18. Rd1 Nh7 19. h4 Ndf6 20. Rac1 Qd7 21. Nd5 Nxd5 22. exd5 Bh3 23. c4 Nf6 24. c5 e4 25. Rc4 dxc5 26. d6 e3 27. Bxe3 Bxd6 28. Nxc5 Qe7 29. Ne4 Rxc4 30. Nxd6 Rc2 31. Qxc2 Qxe3+ 32. Kh2 Qxe2+ 33. Qxe2 Rxe2+ 34. Kxh3 Rxb2 35. Rc1 g5 36. Rc8+ Kg7 37. Rc7 Kg6 38. hxg5 hxg5 39. Nxf7 Rb5 40. Nd6 Rxa5 41. Rxb7 Rd5 42. Rb6 Kg7 43. Rxa6 Rc5 44. g4 Rc3 45. Kg3 Rd3 46. Nf5+ Kf7 47. Ra7+ Kf8 48. Ng7 Re3 49. Nf5 Ne4+ 50. Kg2 Re2+ 51. Kg1 Nd2 52. Nd4 Re3 53. Kf2 Re5 54. Ra6 Kf7 55. Ra7+ Kf6 56. Nf5 Nc4 57. Ra6+ Kf7 58. Rc6 Nb2 59. Nd6+ Ke7 60. Ne4 Nd3+ 61. Kg3 Kf7 62. Rc7+ Kg6 63. Rc6+ Kg7 64. Rd6 Nb4 65. Rd7+ Kg6 66. Rd4 Nd5 67. Rc4 Kg7 68. Rc5 Kf7 69. Nc3 Ke6 70. Nxd5 Rxd5 71. Rxd5 Kxd5 72. f4 Ke6 73. f5+ Ke5 74. Kf3 Kd5 75. Ke3 Ke5 76. Kd3 Kd5 77. Kc3 Kc5 78. Kb3 Kd5 79. Kb4 Kd6 80. Kb5 Kd5 81. Kb4 Ke5 82. Kc5 Kf6 83. Kd6 Kf7 84. Ke5 Kg7 85. Ke6 1-0

[Event "Chess.com Speed"]
[Site "Chess.com INT"]
[Date "2020.11.19"]
[Round "2.21"]
[White "Wesley So"]
[Black "Jan-Krzysztof Duda"]
[Result "1-0"]
[EventDate "?"]
[WhiteElo "2770"]
[BlackElo "2743"]
[Source "chessbites.com; date by Chess Assistant 21"]
[PlyCount "68"]

1. d4 Nf6 2. c4 e6 3. Nc3 Bb4 4. Qc2 c5 5. dxc5 Na6 6. a3 Bxc3+ 7. Qxc3 Nxc5 8. b4 Nce4 9. Qc2 d5 10. f3 Nd6 11. c5 Nf5 12. e3 e5 13. Bb5+ Kf8 14. Ne2 a5 15. Rb1 axb4 16. axb4 d4 17. e4 Nh4 18. O-O h6 19. f4 Ng6 20. h3 Kg8 21. Bc4 Be6 22. Bd3 Ra2 23. Rb2 Ra3 24. f5 Nf8 25. fxe6 Nxe6 26. Ra2 Rxa2 27. Qxa2 Kh7 28. Bd2 Re8 29. Ng3 g6 30. Bc4 Kg7 31. Qa7 Qe7 32. Bxe6 Qxe6 33. Qxb7 Qa2 34. Bxh6+ 1-0

[Event "Chess.com Speed"]
[Site "Chess.com INT"]
[Date "2020.11.19"]
[Round "2.27"]
[White "Wesley So"]
[Black "Jan-Krzysztof Duda"]
[Result "1-0"]
[EventDate "?"]
[WhiteElo "2770"]
[BlackElo "2743"]
[Source "chessbites.com; date by Chess Assistant 21"]
[PlyCount "72"]

1. d4 Nf6 2. c4 g6 3. g3 Bg7 4. Bg2 d5 5. Nf3 O-O 6. O-O dxc4 7. Na3 c3 8. bxc3 c5 9. Bb2 Nc6 10. Re1 Bf5 11. d5 Nxd5 12. e4 Bxe4 13. Rxe4 Nxc3 14. Bxc3 Bxc3 15. Rb1 Qxd1+ 16. Rxd1 Rad8 17. Rb1 b6 18. Nb5 Bf6 19. Ra4 Rd7 20. h4 Na5 21. Ng5 e6 22. Ne4 Be7 23. Nec3 Rfd8 24. Bf1 Kg7 25. Be2 h6 26. Kf1 g5 27. hxg5 hxg5 28. Kg2 Rh8 29. Na3 Bf6 30. Ne4 Rhd8 31. Nb5 Be7 32. g4 Nc6 33. Bf3 Na5 34. Rc1 Rh8 35. Rc2 Rhd8 36. Be2 1-0

[Event "Chess.com Speed"]
[Site "Chess.com INT"]
[Date "2020.11.19"]
[Round "2.29"]
[White "Wesley So"]
[Black "Jan-Krzysztof Duda"]
[Result "1-0"]
[EventDate "?"]
[WhiteElo "2770"]
[BlackElo "2743"]
[Source "chessbites.com; date by Chess Assistant 21"]
[PlyCount "88"]

1. d4 c5 2. d5 e5 3. e4 d6 4. Nc3 g6 5. h4 Bh6 6. h5 Bxc1 7. Qxc1 g5 8. Nge2 Nh6 9. Ng3 O-O 10. Bd3 a6 11. a4 b6 12. Nd1 Ra7 13. Ne3 Kh8 14. Qd2 Nd7 15. c3 Nf6 16. b4 Nfg8 17. a5 cxb4 18. cxb4 b5 19. Rc1 Ne7 20. O-O Bd7 21. Rc3 Rc7 22. Rfc1 Rxc3 23. Qxc3 Qa8 24. Qc7 Rc8 25. Qxd7 Rxc1+ 26. Kh2 Qf8 27. Qxd6 Ng6 28. Qf6+ Qg7 29. Qxg7+ Kxg7 30. hxg6 fxg6 31. Ne2 Ra1 32. d6 Nf7 33. d7 Ra3 34. Bc2 Kf6 35. Nd5+ Ke6 36. Nc7+ Kxd7 37. Nxa6 Nd6 38. Nc5+ Ke7 39. Bb3 h5 40. a6 g4 41. Nc3 Kf6 42. Nd5+ Kg5 43. Nc3 h4 44. Ba4 1-0

[Event "Chess.com Speed"]
[Site "Chess.com INT"]
[Date "2020.11.19"]
[Round "2.12"]
[White "Jan-Krzysztof Duda"]
[Black "Wesley So"]
[Result "1-0"]
[EventDate "?"]
[WhiteElo "2743"]
[BlackElo "2770"]
[Source "chessbites.com; date by Chess Assistant 21"]
[PlyCount "76"]

1. e4 e5 2. Nf3 Nf6 3. Nxe5 d6 4. Nf3 Nxe4 5. d4 d5 6. Bd3 Nc6 7. O-O Be7 8. Nbd2 Nxd2 9. Bxd2 Bg4 10. c3 O-O 11. h3 Bh5 12. g3 a6 13. Kg2 Bg6 14. Bxg6 fxg6 15. Bf4 Bd6 16. Bxd6 Qxd6 17. Qd3 Rae8 18. Rae1 h6 19. h4 Qf6 20. Re3 Rxe3 21. fxe3 Qe6 22. b3 Ne7 23. c4 Nf5 24. Ne5 dxc4 25. bxc4 c5 26. Qe4 b5 27. Rf4 bxc4 28. d5 Qe8 29. Nxc4 Qa4 30. h5 Re8 31. Qd3 Qxa2+ 32. Kh3 Qa1 33. Rf1 Qa4 34. hxg6 Ne7 35. d6 Qd7+ 36. Kh2 Nc8 37. Qd5+ Kh8 38. Qf7 1-0

[Event "Chess.com Speed"]
[Site "Chess.com INT"]
[Date "2020.11.19"]
[Round "2.31"]
[White "Jan-Krzysztof Duda"]
[Black "Wesley So"]
[Result "1-0"]
[EventDate "?"]
[WhiteElo "2743"]
[BlackElo "2770"]
[Source "chessbites.com; date by Chess Assistant 21"]
[PlyCount "100"]

1. d4 Nf6 2. c4 e6 3. Nf3 d5 4. Nc3 c5 5. e3 Nc6 6. a3 a6 7. dxc5 Bxc5 8. b4 Ba7 9. Bb2 O-O 10. Qc2 Bd7 11. Rd1 Rc8 12. g4 Nxg4 13. Rg1 Nge5 14. Be2 Nxf3+ 15. Bxf3 Ne5 16. Be2 dxc4 17. Ne4 c3 18. Bxc3 Bb8 19. Nc5 f6 20. Qe4 Qe7 21. Bxe5 Bc6 22. Bxb8 Bxe4 23. Bd6 Qf7 24. Bxf8 Bg6 25. Bd6 b6 26. Nxa6 Rc2 27. b5 e5 28. Nb4 Rxe2+ 29. Kxe2 Qc4+ 30. Kd2 Bh5 31. Rc1 Qe2+ 32. Kc3 Qxf2 33. Rge1 Qxh2 34. Bc7 Bf3 35. Bxb6 h5 36. a4 h4 37. a5 h3 38. a6 Qg3 39. Bc5 Kh7 40. b6 Qg4 41. b7 h2 42. b8=Q Qg2 43. Qd6 Qf2 44. Qd2 Qg3 45. Rh1 Bxh1 46. Rxh1 Kg6 47. Qxh2 Qf3 48. Rg1+ Kf7 49. Qg2 Qf5 50. Qxg7+ 1-0

[Event "Chess.com Speed"]
[Site "Chess.com INT"]
[Date "2020.11.19"]
[Round "2.35"]
[White "Jan-Krzysztof Duda"]
[Black "Wesley So"]
[Result "1-0"]
[EventDate "?"]
[WhiteElo "2743"]
[BlackElo "2770"]
[Source "chessbites.com; date by Chess Assistant 21"]
[PlyCount "100"]

1. e4 e5 2. f4 d5 3. exd5 exf4 4. Nf3 Nf6 5. Bc4 Be7 6. O-O O-O 7. Nc3 c6 8. dxc6 Nxc6 9. d3 Bd6 10. Ng5 Bg4 11. Qe1 Ne5 12. Bb3 h6 13. Nge4 Nxe4 14. Nxe4 Ng6 15. Qf2 Bc7 16. Kh1 Bb6 17. Qe1 Qc7 18. a4 a5 19. Qc3 Be2 20. Qxc7 Bxc7 21. Rf2 Bg4 22. Bd2 Kh7 23. Raf1 b6 24. Nc3 Be5 25. Nd5 Bd4 26. Rxf4 Nxf4 27. Rxf4 Rae8 28. Rxd4 Re2 29. Bc3 Be6 30. Nf4 Rf2 31. Kg1 Bxb3 32. Kxf2 Bxc2 33. Rd6 Bxa4 34. Rxb6 g5 35. Nd5 f5 36. Nf6+ Kg6 37. Nd7+ Kf7 38. Rf6+ Ke7 39. Nxf8 Bb3 40. Ng6+ Kd7 41. Rxf5 a4 42. Rf6 Kc7 43. Ne5 Bd5 44. Ba5+ Kb7 45. Rb6+ Kc7 46. Rxh6+ Kb7 47. Rd6 Bb3 48. Rb6+ Ka7 49. Nc6+ Ka8 50. Rb8# 1-0

[Event "Chess.com Speed"]
[Site "Chess.com INT"]
[Date "2020.11.19"]
[Round "2.13"]
[White "Wesley So"]
[Black "Jan-Krzysztof Duda"]
[Result "0-1"]
[EventDate "?"]
[WhiteElo "2770"]
[BlackElo "2743"]
[Source "chessbites.com; date by Chess Assistant 21"]
[PlyCount "54"]

1. d4 Nf6 2. c4 e6 3. Nc3 Bb4 4. e3 c5 5. Ne2 cxd4 6. exd4 d5 7. a3 Bxc3+ 8. Nxc3 dxc4 9. Bxc4 O-O 10. O-O Nc6 11. Be3 b6 12. Qf3 Bb7 13. Bd3 Rc8 14. Rad1 Rc7 15. Qh3 Ne7 16. d5 Nexd5 17. Nxd5 Bxd5 18. Bg5 h6 19. Bxh6 gxh6 20. Qxh6 Qe7 21. Rfe1 Rd8 22. Re5 Be4 23. h4 Rc5 24. Qg5+ Kh8 25. Qh6+ Bh7 26. Rg5 Rg8 27. b4 Rd5 0-1

[Event "Chess.com Speed"]
[Site "Chess.com INT"]
[Date "2020.11.15"]
[Round "1.12"]
[White "Fabiano Caruana"]
[Black "Jan-Krzysztof Duda"]
[Result "1-0"]
[EventDate "?"]
[WhiteElo "2823"]
[BlackElo "2743"]
[Source "chessbites.com; date by Chess Assistant 21"]
[PlyCount "88"]

1. e4 c5 2. Nf3 d6 3. Bb5+ Bd7 4. Bxd7+ Qxd7 5. c4 g6 6. Nc3 Bg7 7. d4 cxd4 8. Nxd4 Nc6 9. Be3 Nf6 10. h3 O-O 11. O-O Rfc8 12. Nde2 Qd8 13. Qd2 a6 14. f3 Rab8 15. Rac1 b5 16. cxb5 axb5 17. Nf4 b4 18. Nce2 Ra8 19. b3 Nd7 20. Rc2 Nc5 21. Rfc1 e6 22. Rd1 Be5 23. Nd3 Nxd3 24. Qxd3 Ne7 25. Rxc8 Nxc8 26. Qd2 Qa5 27. Rc1 Na7 28. a4 Qa6 29. Nd4 Rb8 30. Qe2 Qb7 31. Qd3 h5 32. f4 Bg7 33. Nf3 d5 34. exd5 exd5 35. f5 gxf5 36. Qxf5 Re8 37. Bf2 Nc8 38. Ng5 Nd6 39. Qh7+ Kf8 40. Bc5 Qd7 41. Rf1 Re7 42. Qxh5 d4 43. Bxd6 Qxd6 44. Rxf7+ 1-0